Statistics for All Cities In Israel

Click here to take the quiz!

General Stats

  • This quiz has been taken 128 times
  • The average score is 18 of 73

Answer Stats

All Israeli Cities% Correct
Jerusalem
96%
Haifa
78%
Beersheba
59%
Ashkelon
56%
Eilat
52%
Ashdod
48%
Netanya
48%
Ramat Gan
41%
Holon
37%
Lod
37%
Nazareth
37%
Petah Tikva
37%
Ramla
37%
Sderot
37%
Tel Aviv-Yafo
37%
Tiberias
37%
Acre
33%
Bnei Brak
33%
Hadera
33%
Kfar Saba
33%
Ra’anana
33%
Rehovot
33%
Rishon LeZion
33%
Afula
30%
Herzliya
30%
Arad
26%
Dimona
26%
Bat Yam
22%
Kiryat Ata
22%
Kiryat Gat
22%
Kiryat Ono
22%
Kiryat Shmona
22%
Kiryat Yam
22%
Netivot
22%
Ramat HaSharon
22%
Safed
22%
Beit Shemesh
19%
Givatayim
19%
Hod HaSharon
19%
Kiryat Bialik
19%
Kiryat Motzkin
19%
Nahariya
19%
Ofakim
19%
Rosh HaAyin
19%
Yavne
19%
Beit She’an
15%
El’ad
15%
Giv’at Shmuel
15%
Karmiel
15%
Kiryat Malakhi
15%
Migdal HaEmek
15%
Nesher
15%
Or Yehuda
15%
Tamra
15%
Tayibe
15%
Tira
15%
Arraba
11%
Baqa al-Gharbiyye
11%
Kafr Qasim
11%
Kfar Yona
11%
Ma’alot-Tarshiha
11%
Modi’in-Maccabim-Re’ut
11%
Ness Ziona
11%
Nof HaGalil
11%
Or Akiva
11%
Qalansawe
11%
Rahat
11%
Sakhnin
11%
Tirat Carmel
11%
Umm al-Fahm
11%
Yehud-Monosson
11%
Shefa-Amr
7%
Yokneam Illit
7%

Score Distribution

Percentile by Number Answered

Percent of People with Each Score

Your Score History

You have not taken this quiz